000
00191nam a2200085 4500
001
1236053
005
20251001121739.0
245
_a
AKILLI PİRELER
_c
GÜLTEN DAYIOĞLU
260
_b
ALTIN KİTAPLAR
999
_c
1236053
_d
1236053